000 01477nam a22002897a 4500
005 20090529115636.0
008 090529t xxu||||| |||| 00| 0chin d
010 _aHIN-86667
020 _a9788123752969
_c80.00
035 _aHN-59013
037 _bDBAD / PUB
040 _adpl
_bhn
082 _a920
100 _aवर्मा, शिव
245 _aसंस्मृतियां:
_cशिव वर्मा
_bक्रांतिकारी शहीदों के संस्मरणात्मक रेखाचित्र /
246 _aSansmritiyaan
_bby Shiv Verma
260 _aनयी दिल्ली
_bनेशनल बुक ट्रस्ट
_c2008
270 _aनेहरू भवन, 5 इंस्टीट्यूशनल एरिया, फेज-II, वसंत कुंज,
_bनयी दिल्ली
_e110070
_m
300 _a152पृ.
_c22सेमी (अजिल्द)
_bसचित्र
490 _aलोकोपयोगी सामाजिक विज्ञान
650 _aराष्ट्रवादी
_xजीवनी
_zभारत
650 _aNationalist
_xBiography
_zIndia
650 _aस्मृति
650 _aMemory
942 _2ddc
_cHN
_mवर्माशि
_h920
999 _c26948
_d26948